| 000 | 00954cab a2200325 4500 | ||
|---|---|---|---|
| 001 | WB2906-05 | ||
| 008 | 090401t1993 xxu||||| |||| 00| 0 eng d | ||
| 035 | _a(Sirsi) u48367 | ||
| 041 | _aeng | ||
| 245 | _aHint of spring for builders | ||
| 260 | _c1993 | ||
| 350 | _a0 | ||
| 490 |
_aEvening Standard _v11 February 1993, 34-35 |
||
| 490 |
_aBuilding _v258(7781) 12 February 1993, 15(3) |
||
| 520 | _aSigns of optimism about the housing market from 15 leading housebuilders. Attempts by middle-size firms to purchase land could effect future land prices for development. | ||
| 650 | _aBERKELEY GROUP | ||
| 650 | _aBRYANTS | ||
| 650 | _aFORECASTS | ||
| 650 | _aGEORGE WIMPEY | ||
| 650 | _aHOUSE BUILDING | ||
| 650 | _aHOUSING MARKET | ||
| 650 | _aLAND PRICES | ||
| 650 | _aSLUMP | ||
| 650 | _aTRAFALGAR HOUSE | ||
| 650 | _aWESTBURYS | ||
| 650 | _aYJ LOVELL | ||
| 690 | _aBUILT ENVIRONMENT | ||
| 942 | _n0 | ||
| 948 | _c04/03/1997 | ||
| 999 |
_c30384 _d30384 |
||